Vive les pédés : et autres fantaisies /

I tiakina i:
Ngā taipitopito rārangi puna kōrero
Kaituhi matua: Copi
Hōputu: Pukapuka
Reo:Wīwī
I whakaputaina: [Paris] : Edition de l'Olivier, 2014
Ngā Tūtohu: Tāpirihia he Tūtohu
Kāore He Tūtohu, Me noho koe te mea tuatahi ki te tūtohu i tēnei pūkete!

MARC

LEADER 00000nam a22000007i 4500
001 IT\ICCU\UBO\4889382
003 ItRI
005 20260115232018.0
008 250707s2014 fr |||||| ||||| |||||c
020 |a 9782823607796 
040 |b ita  |c importazione bologna sebina 
041 7 |a fre  |2 ISO-639-2 
100 0 |a Copi  |0 IT\ICCU\CFIV\080182 
240 1 0 |a Vive les pédés  |3 IT\ICCU\UBO\4889383  |9 Copi 
245 1 0 |a Vive les pédés :  |b et autres fantaisies /  |c Copi. 
260 |a [Paris] :  |b Edition de l'Olivier,  |c 2014 
300 |a 269 :  |b fumetti ; 
790 1 |a Damonte Botana, Raùl Natalio Roque  |3 IT\ICCU\SBNV\014951  |z Copi 
790 1 |a Damonte Taborda, Raùl,  |d  (1939-1987)  |3 IT\ICCU\CFIV\080183  |z Copi 
790 1 |a Damonte, Raùl  |3 IT\ICCU\MILV\249634  |z Copi 
942 |2 ddc  |c BK  |n 0 
952 |0 0  |1 0  |4 0  |6 F_741_590000000000000_COP  |7 0  |9 18885  |a BO  |b BO  |d 2026-01-15  |i 20961  |l 0  |o F 741.59 COP  |p BO20961  |r 2026-01-15 23:20:18  |w 2026-01-15  |x [Sebina 7] [1 v.]  |y BK  |z 1 v. 
999 |c 16045  |d 16045